| 000 | 00465nam a22001817a 4500 | ||
|---|---|---|---|
| 003 | MPLRDC | ||
| 005 | 20220104161833.0 | ||
| 008 | 210129b ||||| |||| 00| 0 eng d | ||
| 020 | _a7-80203-241-5 | ||
| 082 | _a411.77 KRY | ||
| 100 | _aMEIR KRYGER | ||
| 245 |
_a女性的安睡良方 _c杰思译 |
||
| 250 | _a一版一刷 | ||
| 260 |
_a中国 _b中国妇女出版社 _c2006 |
||
| 300 | _b平 | ||
| 650 | _a休息、松弛、睡眠 | ||
| 942 |
_cBK _o411.77 KRY |
||
| 999 |
_c55677 _d55667 |
||